| 000 -LEADER |
| fixed length control field |
01790cam a22004454a 4500 |
| 001 - CONTROL NUMBER |
| control field |
13130425 |
| 003 - CONTROL NUMBER IDENTIFIER |
| control field |
NUST |
| 005 - DATE AND TIME OF LATEST TRANSACTION |
| control field |
20220301115136.0 |
| 008 - FIXED-LENGTH DATA ELEMENTS--GENERAL INFORMATION |
| fixed length control field |
030320s2004 enk b 001 0 eng |
| 010 ## - LIBRARY OF CONGRESS CONTROL NUMBER |
| LC control number |
2003047914 |
| 020 ## - INTERNATIONAL STANDARD BOOK NUMBER |
| International Standard Book Number |
1842771906 |
| 020 ## - INTERNATIONAL STANDARD BOOK NUMBER |
| International Standard Book Number |
1842771914 (limp) |
| 038 ## - RECORD CONTENT LICENSOR |
| Staff Name |
waseem |
| 040 ## - CATALOGING SOURCE |
| Original cataloging agency |
DLC |
| Transcribing agency |
DLC |
| Modifying agency |
DLC |
| 042 ## - AUTHENTICATION CODE |
| Authentication code |
pcc |
| 043 ## - GEOGRAPHIC AREA CODE |
| Geographic area code |
n-us--- |
| -- |
e------ |
| 050 00 - LIBRARY OF CONGRESS CALL NUMBER |
| Classification number |
HV6322.7 |
| Item number |
.G458 2004 |
| 082 00 - DEWEY DECIMAL CLASSIFICATION NUMBER |
| Classification number |
304.663 |
| Author Mark |
GEN |
| 245 00 - TITLE STATEMENT |
| Title |
Genocide, war crimes, and the West : |
| Remainder of title |
history and complicity / |
| Statement of responsibility, etc. |
edited by Adam Jones. |
| 246 14 - VARYING FORM OF TITLE |
| Title proper/short title |
Genocide, war crimes & the West |
| 260 ## - PUBLICATION, DISTRIBUTION, ETC. |
| Place of publication, distribution, etc. |
London ; |
| -- |
New York : |
| Name of publisher, distributor, etc. |
Zed Books ; |
| Place of publication, distribution, etc. |
New York : |
| Name of publisher, distributor, etc. |
Distributed exclusively in the U.S. by Palgrave, |
| Date of publication, distribution, etc. |
2004. |
| 300 ## - PHYSICAL DESCRIPTION |
| Extent |
424 p. ; |
| Dimensions |
24 cm. |
| 504 ## - BIBLIOGRAPHY, ETC. NOTE |
| Bibliography, etc. note |
Includes bibliographical references and index. |
| 563 ## - BINDING INFORMATION |
| Binding note |
PBK. |
| 650 #0 - SUBJECT ADDED ENTRY--TOPICAL TERM |
| Topical term or geographic name entry element |
Genocide |
| Form subdivision |
Case studies. |
| 9 (RLIN) |
89988 |
| 650 #0 - SUBJECT ADDED ENTRY--TOPICAL TERM |
| Topical term or geographic name entry element |
Human rights |
| Form subdivision |
Case studies. |
| 9 (RLIN) |
89989 |
| 650 #0 - SUBJECT ADDED ENTRY--TOPICAL TERM |
| Topical term or geographic name entry element |
Imperialism |
| Form subdivision |
Case studies. |
| 9 (RLIN) |
89990 |
| 650 #0 - SUBJECT ADDED ENTRY--TOPICAL TERM |
| Topical term or geographic name entry element |
Racism |
| Form subdivision |
Case studies. |
| 9 (RLIN) |
89991 |
| 650 #0 - SUBJECT ADDED ENTRY--TOPICAL TERM |
| Topical term or geographic name entry element |
War crimes |
| Form subdivision |
Case studies. |
| 9 (RLIN) |
89992 |
| 650 #0 - SUBJECT ADDED ENTRY--TOPICAL TERM |
| Topical term or geographic name entry element |
Geopolitics |
| Form subdivision |
Case studies. |
| 9 (RLIN) |
89993 |
| 651 #0 - SUBJECT ADDED ENTRY--GEOGRAPHIC NAME |
| Geographic name |
United States |
| General subdivision |
Foreign relations |
| Form subdivision |
Case studies. |
| 9 (RLIN) |
89994 |
| 651 #0 - SUBJECT ADDED ENTRY--GEOGRAPHIC NAME |
| Geographic name |
Europe |
| General subdivision |
Foreign relations |
| Form subdivision |
Case studies. |
| 9 (RLIN) |
89995 |
| 700 1# - ADDED ENTRY--PERSONAL NAME |
| Personal name |
Jones, Adam, |
| Dates associated with a name |
1963- |
| 9 (RLIN) |
89996 |
| 856 42 - ELECTRONIC LOCATION AND ACCESS |
| Materials specified |
Contributor biographical information |
| Uniform Resource Identifier |
<a href="http://www.loc.gov/catdir/bios/hol059/2003047914.html">http://www.loc.gov/catdir/bios/hol059/2003047914.html</a> |
| 856 42 - ELECTRONIC LOCATION AND ACCESS |
| Materials specified |
Publisher description |
| Uniform Resource Identifier |
<a href="http://www.loc.gov/catdir/description/hol052/2003047914.html">http://www.loc.gov/catdir/description/hol052/2003047914.html</a> |
| 856 41 - ELECTRONIC LOCATION AND ACCESS |
| Materials specified |
Table of contents |
| Uniform Resource Identifier |
<a href="http://www.loc.gov/catdir/toc/hol051/2003047914.html">http://www.loc.gov/catdir/toc/hol051/2003047914.html</a> |
| 906 ## - LOCAL DATA ELEMENT F, LDF (RLIN) |
| a |
7 |
| b |
cbc |
| c |
orignew |
| d |
1 |
| e |
ocip |
| f |
20 |
| g |
y-gencatlg |
| 942 ## - ADDED ENTRY ELEMENTS (KOHA) |
| Source of classification or shelving scheme |
|
| Koha item type |
Book |